Heart Shaped Box, by Nirvana Lyrics - Statistics

General Stats
  • This quiz has been taken 64 times
  • The average score is 191 of 237
Answer Stats
Lyrics % Correct
a
100%
for
100%
I
100%
in
100%
you
100%
your
100%
Your
100%
box
95%
got
95%
heart
95%
Hey
95%
shaped
95%
to
93%
me
90%
new
90%
Wait
90%
when
90%
can
85%
complaint
85%
debt
85%
I've
85%
been
83%
Forever
83%
priceless
83%
She
83%
advice
80%
cancer
80%
eat
80%
like
80%
turn
78%
weeks
78%
wish
78%
am
75%
black
75%
inside
75%
locked
75%
could
73%
and
68%
Pisces
68%
trap
68%
eyes
63%
weak
63%
into
58%
on
58%
back
55%
magnet
55%
tar
55%
pit
53%
right
50%
drawn
48%
hair
48%
no
48%
angel
45%
myself
45%
so
45%
climb
40%
Cut
38%
down
38%
noose
38%
just
35%
Throw
35%
baby's
33%
breath
33%
of
33%
I'm
30%
umbilical
30%
yet
30%
one
28%
Broken
25%
eating
25%
Meat
25%
orchids
25%
forgive
23%
Highness
18%
hymen
18%
left
15%
No matching quizzes found
Score Distribution
Percent of People with Each Score
Percentile by Number Answered
Your Score History
You have not taken this quiz